000 00489nam a2200181Ia 4500
008 100917s9999 xx 000 0 und d
082 _b49183
100 _aनिमखेडकर मालती
245 _aआश्लेषा
260 _bमाग्रस प्रक ाशन
_c1978
300 _a50
365 _b4
520 _aकविता
630 _aआश्लेषा
650 _aकविता
730 _aआश्लेषा
942 _cBOOK
999 _c654577
_d654574